[Event "BCF-chT 0506 (4NCL)"]
[Site "Birmingham"]
[Date "2006.03.04"]
[Round "7.1"]
[White "Rowson, Jonathan"]
[Black "Parker, Jonathan"]
[Result "1/2-1/2"]
[WhiteElo "2599"]
[BlackElo "2504"]
[PlyCount "93"]
[EventDate "2005.10.22"]
[EventType "team"]
[EventRounds "11"]
[EventCountry "ENG"]
[SourceTitle "EXT 2007"]
[Source "ChessBase"]
[SourceDate "2006.11.23"]
[SourceVersion "1"]
[SourceVersionDate "2006.11.23"]
[SourceQuality "1"]
[WhiteTeam "Guildford"]
[BlackTeam "Barbican"]
[WhiteTeamCountry "ENG"]
[BlackTeamCountry "ENG"]

1. d4 Nf6 2. c4 e6 3. Nc3 d5 4. Nf3 Bb4 5. cxd5 exd5 6. Qa4+ Nc6 7. Bg5 h6 8. Bxf6 Qxf6 9. e3 0-0 10. Be2 Bxc3+ 11. bxc3 b6 12. 0-0 Bb7 13. Rfc1 Qd6 14. c4 dxc4 15. Rxc4 Na5 16. Rc3 Rac8 17. Rac1 Rfe8 18. Qa3 Qd8 19. Ne1 c6 20. Bf3 Qf6 21. Nd3 Rc7 22. Nc5 Ba8 23. Ne4 Qd8 24. Ng3 Re6 25. Nf5 Rf6 26. e4 Rd7 27. d5 c5 28. Bg4 h5 29. Bh3 g6 30. Ne3 Re7 31. f3 Rd6 32. g3 Qe8 33. Bg2 Bb7 34. Re1 Ba6 35. Qc1 Qa4 36. f4 Rxe4 37. Bxe4 Qxe4 38. f5 Qd4 39. fxg6 fxg6 40. h3 Bb7 41. Kh2 Rf6 42. Rc2 Rf3 43. Ng2 Bxd5 44. Rd2 Rd3 45. Re8+ Kf7 46. Rde2 Rd1 47. R8e7+ 1/2-1/2